By way of an introduction: Innovations in Telugu cultural history (Record no. 512564)

000 -LEADER
fixed length control field 00514nam a2200145 4500
008 - FIXED-LENGTH DATA ELEMENTS--GENERAL INFORMATION
fixed length control field 191129b ||||| |||| 00| 0 eng d
100 ## - MAIN ENTRY--PERSONAL NAME
Personal name Rao, Velcheru Narayana
245 ## - TITLE STATEMENT
Title By way of an introduction: Innovations in Telugu cultural history
260 ## - PUBLICATION, DISTRIBUTION, ETC. (IMPRINT)
Name of publisher, distributor, etc Indian Economic and Social History Review
300 ## - PHYSICAL DESCRIPTION
Extent 56(3), Jul-Sep, 2019: p.247-251.
650 ## - SUBJECT ADDED ENTRY--TOPICAL TERM
Topical term or geographic name as entry element Cultural history - India - Telugu
9 (RLIN) 14047
773 ## - HOST ITEM ENTRY
Main entry heading Indian Economic and Social History Review
906 ## - LOCAL DATA ELEMENT F, LDF (RLIN)
Subject DIP Cultural history
942 ## - ADDED ENTRY ELEMENTS (KOHA)
Item type Articles
Holdings
Withdrawn status Lost status Source of classification or shelving scheme Damaged status Not for loan Permanent location Current location Date acquired Serial Enumeration / chronology Barcode Date last seen Koha item type
          Indian Institute of Public Administration Indian Institute of Public Administration 2019-11-29 56(3), Jul-Sep, 2019: p.247-251. AR121915 2019-11-29 Articles

Powered by Koha